Assessing the applicability and significance of handwriting analysis in Indian legal cases: A critical review (Record no. 526167)

000 -LEADER
fixed length control field 01456nam a22001457a 4500
008 - FIXED-LENGTH DATA ELEMENTS--GENERAL INFORMATION
fixed length control field 240514b ||||| |||| 00| 0 eng d
100 ## - MAIN ENTRY--PERSONAL NAME
Personal name Bansal, Hansal and Mishra, Swati Dubey
245 ## - TITLE STATEMENT
Title Assessing the applicability and significance of handwriting analysis in Indian legal cases: A critical review
260 ## - PUBLICATION, DISTRIBUTION, ETC. (IMPRINT)
Place of publication, distribution, etc Indian Police Journal
300 ## - PHYSICAL DESCRIPTION
Extent 69(4), Oct-Dec, 2024: p.138-147
520 ## - SUMMARY, ETC.
Summary, etc Handwriting analysis is essential to forensic document examination since it provides crucial information about authorship and evidence in various Indian legal issues. Handwriting analysis has been used as a crucial forensic tool to establish authorship, confirm signatures, or connect suspects to crime locations. However, there have been concerns and disagreements regarding the accuracy and dependability of handwriting analysis as admissible evidence in Indian courts. This study thoroughly analyzes the conclusions about handwriting analysis in Indian legal processes. The main objective is to assess handwriting analysis’s applicability, dependability, and significance in the Indian legal system. This work aims to improve our comprehension of the function and limitations of handwriting analysis in Indian courts by carefully reviewing significant rulings and their implications. – Reproduced

https://bprd.nic.in/uploads/pdf/October-December_2022.pdf
773 ## - HOST ITEM ENTRY
Main entry heading Indian Police Journal
906 ## - LOCAL DATA ELEMENT F, LDF (RLIN)
Subject DIP POLICING
942 ## - ADDED ENTRY ELEMENTS (KOHA)
Item type Articles
Holdings
Withdrawn status Lost status Source of classification or shelving scheme Damaged status Not for loan Permanent location Current location Date acquired Serial Enumeration / chronology Barcode Date last seen Koha item type
          Indian Institute of Public Administration Indian Institute of Public Administration 2024-05-14 69(4), Oct-Dec, 2024: p.138-147 AR131915 2024-05-14 Articles

Powered by Koha